| 000 | 00889cam a2200253u 4500 | ||
|---|---|---|---|
| 001 | 9258963 | ||
| 003 | Ke-BoTe | ||
| 005 | 20220125090148.0 | ||
| 008 | 840928s1939 ilu 000 0 eng | ||
| 010 | _a 42007590 | ||
| 040 |
_aDLC _cCarP _dDLC |
||
| 043 | _ae-uk-en | ||
| 050 | 0 | 0 |
_aM2198.R67 _bC4 1939 |
| 100 | 1 |
_aRodeheaver, Homer A. _q(Homer Alvan), _d1880-1955, _ecomp. _92310 |
|
| 245 | 1 | 0 | _aChristian service songs. |
| 260 |
_aChicago : _aPhiladelphia ; _bThe Rodeheaver Hall-Mack co., _cc1939. |
||
| 300 |
_a288 p. ; _c22 cm. |
||
| 650 | 0 |
_aHymns, English. _91163 |
|
| 700 | 1 |
_aSanville, George W. _q(George Washington), _d1879- _ejoint comp. _92311 |
|
| 700 | 1 |
_aAckley, B. D. _q(Bentley DeForrest), _d1872-1958, _eed. _92312 |
|
| 700 | 1 |
_aMiles, C. Austin _q(Charles Austin), _d1868-1946, _ejoint ed. _92313 |
|
| 906 |
_a0 _bcbc _cpremunv _du _encip _f19 _gy-gencatlg |
||
| 942 |
_2lcc _cBK _n0 |
||
| 999 |
_c1209 _d1209 |
||